All AAA MLB Teams - Statistics

General Stats
  • This quiz has been taken 14 times
  • The average score is 11 of 30
Answer Stats
Major League Team AAA Team % Correct
New York Mets Syracuse Mets
71%
Chicago Cubs Iowa Cubs
57%
New York Yankees Scranton RailRiders
57%
Pittsburgh Pirates Indianapolis Indians
50%
Philadelphia Phillies Lehigh Valley IronPigs
50%
Milwaukee Brewers Nashville Sounds
50%
Boston Red Sox Worcester Red Sox
50%
Atlanta Braves Gwinnett Stripers
43%
Detroit Tigers Toledo Mud Hens
43%
Toronto Blue Jays Buffalo Bisons
36%
Chicago White Sox Charlotte Knights
36%
Cleveland Guardians Columbus Clippers
36%
Miami Marlins Jacksonville Jumbo Shrimp
36%
Cincinnati Reds Louisville Bats
36%
Baltimore Orioles Norfolk Tides
36%
Kansas City Royals Omaha Storm Chasers
36%
Washington Nationals Rochester Red Wings
36%
Los Angeles Angels Salt Lake Bees
36%
Colorado Rockies Albuquerque Isotopes
29%
Tampa Bay Rays Durham Bulls
29%
San Diego Padres El Paso Chihuahuas
29%
Athletics Las Vegas Aviators
29%
St. Louis Cardinals Memphis Red Birds
29%
Arizona Diamondbacks Reno Aces
29%
San Francisco Giants Sacramento River Cats
29%
Los Angeles Dodgers Oklahoma City Comets
21%
Texas Rangers Round Rock Express
21%
Minnesota Twins St. Paul Saints
21%
Houston Astros Sugar Land Space Cowboys
21%
Seattle Mariners Tacoma Rainiers
21%
No matching quizzes found
Score Distribution
Percent of People with Each Score
Percentile by Number Answered
Your Score History
You have not taken this quiz